| 000 | 02477nam a22002777a 4500 | ||
|---|---|---|---|
| 008 | 251111b |||||||| |||| 00| 0 eng d | ||
| 020 | _a9788411070904 | ||
| 040 | _ctbs | ||
| 041 | _aspa | ||
| 050 |
_aPQ6653.E62 _bT47 2019 |
||
| 100 |
_aCercas, Javier _d1962- _925458 _eauthor |
||
| 245 |
_aTerra alta _c/ Javier Cercas. |
||
| 250 | _aFirst edition | ||
| 260 |
_aBarcelona : _bTusquets Editores, _c2022. |
||
| 300 |
_a365 pages ; _c23 cm. |
||
| 490 | _aAutores españoles e iberoamericanos | ||
| 490 |
_aTerra alta ; _vbk. 1 |
||
| 520 | _aUn crimen terrible sacude la apacible comarca de la Terra Alta: los propietarios de su mayor empresa, Gráficas Adell, aparecen asesinados tras haber sido sometidos a atroces torturas. Se encarga del caso Melchor Marín, un joven policía y lector voraz llegado desde Barcelona cuatro años atrás, con un oscuro pasado a cuestas que le ha convertido en una leyenda del cuerpo y que cree haber enterrado bajo su vida feliz como marido de la bibliotecaria del pueblo y padre de una niña llamada Cosette, igual que la hija de Jean Valjean, el protagonista de su novela favorita: Los miserables. Partiendo de ese suceso, esta novela se convierte en una reflexión sobre el valor de la ley, la posibilidad de la justicia y la legitimidad de la venganza, pero sobre todo en la epopeya de un hombre en busca de su lugar en el mundo. | ||
| 520 | _aA terrible crime shakes the peaceful region of Terra Alta: the owners of its largest company, Gráficas Adell, are found murdered after having been subjected to horrific torture. The case is assigned to Melchor Marín, a young police officer and voracious reader who arrived from Barcelona four years earlier. Burdened with a dark past that has turned him into a legend within the force, he believes he has buried it beneath his happy life as the husband of the town librarian and the father of a little girl named Cosette—just like Jean Valjean’s daughter in his favorite novel, Les Misérables. From this brutal event, the novel unfolds as a meditation on the value of the law, the possibility of justice, and the legitimacy of vengeance—but above all, as the epic story of a man searching for his place in the world. | ||
| 586 | _aPremio Planeta, 2019. | ||
| 650 | 0 |
_aMurder _xInvestigation _vFiction _97769 |
|
| 650 | 0 |
_aPolice _zSpain _vFiction _926463 |
|
| 650 | 0 |
_aFathers and daughters _vFiction _922885 |
|
| 655 | 0 |
_aDetective and mystery fiction _923664 |
|
| 942 | _2lcc | ||
| 999 |
_c5166 _d5166 |
||